书目信息 |
| 题名: |
细读文艺复兴
|
|
| 作者: | 杨好 著 | |
| 分册: | ||
| 出版信息: | 北京 作家出版社 2018 |
|
| 页数: | 324页, [1] 叶图版 | |
| 开本: | 24cm | |
| 丛书名: | ||
| 单 册: | ||
| 中图分类: | J205.1 | |
| 科图分类: | ||
| 主题词: | 绘画评论--hui hua ping lun--世界 | |
| 电子资源: | ||
| ISBN: | 978-7-5063-9877-0 | |
| 000 | 00910nam0 2200241 450 | |
| 001 | 012001012643 | |
| 005 | 20140106160148.0 | |
| 010 | @a978-7-5063-9877-0@dCNY98.00 | |
| 099 | @aCAL 012018034727 | |
| 100 | @a20180226d2018 em y0chiy50 ea | |
| 101 | 0 | @achi |
| 102 | @aCN@b110000 | |
| 105 | @aaf z 000yy | |
| 106 | @ar | |
| 200 | 1 | @a细读文艺复兴@Axi du wen yi fu xing@f杨好著 |
| 210 | @a北京@c作家出版社@d2018 | |
| 215 | @a324页, [1] 叶图版@c彩图@d24cm | |
| 330 | @a《细读文艺复兴》, 以“空间”为经, 以“人物”为纬进行编排, 依次对佛罗伦萨画派、威尼斯画派、北方文艺复兴三个部分进行叙事。作为大视野下审视文艺复兴, 作者特别加入“北方文艺复兴”篇章, 对其做了详尽的描述, 一定程度上弥补了同类书籍在展现文艺复兴全貌上的缺憾。 | |
| 606 | 0 | @a绘画评论@Ahui hua ping lun@y世界 |
| 690 | @aJ205.1@v5 | |
| 701 | 0 | @a杨好@Ayang hao@4著 |
| 801 | 2 | @aCN@b上海新华@c20191020 |
| 905 | @b1179925-7@dJ205.1@e1128@f3 | |
| 细读文艺复兴/杨好著.-北京:作家出版社,2018 |
| 324页, [1] 叶图版:彩图;24cm |
| ISBN 978-7-5063-9877-0:CNY98.00 |
| 《细读文艺复兴》, 以“空间”为经, 以“人物”为纬进行编排, 依次对佛罗伦萨画派、威尼斯画派、北方文艺复兴三个部分进行叙事。作为大视野下审视文艺复兴, 作者特别加入“北方文艺复兴”篇章, 对其做了详尽的描述, 一定程度上弥补了同类书籍在展现文艺复兴全貌上的缺憾。 |
| ● |
| 相关链接 |
|
|
|
|
正题名:细读文艺复兴
索取号:J205.1/1128
 
预约/预借
| 序号 | 登录号 | 条形码 | 馆藏地/架位号 | 状态 | 备注 |
| 1 | 1179925 | 211799259 | 第一样本阅览室/ [索取号:J205.1/1128] | 在馆 | |
| 2 | 1179926 | 211799268 | 第一借阅区/ [索取号:J205.1/1128] | 在馆 | |
| 3 | 1179927 | 211799277 | 第一借阅区/ [索取号:J205.1/1128] | 在馆 |